Statistics for Toronto Raptors 2000's Starters

Click here to take the quiz!

General Stats

  • This quiz has been taken 80 times
  • The average score is 10 of 24

Answer Stats

PlayerStarts% Correct
Vince Carter5
95%
Chris Bosh6
94%
Tracy McGrady1
81%
Antonio Davis4
67%
José Calderón2
66%
Andrea Bargnani2
64%
Alvin Williams3
58%
Jerome Williams1
56%
Morris Peterson5
52%
Hakeem Olajuwon1
38%
Charles Oakley2
34%
Doug Christie1
31%
Mark Jackson1
27%
T.J. Ford1
27%
Jalen Rose2
25%
Rafer Alston1
25%
Anthony Parker3
22%
Mike James1
22%
Rasho Nesterović1
19%
Jorge Garbajosa1
16%
Jamario Moon2
14%
Donyell Marshall1
13%
Charlie Villanueva1
6%
Rafael Araújo2
5%

Score Distribution

Percentile by Number Answered

Percent of People with Each Score

Your Score History

You have not taken this quiz